Primi 15 paesi interessati da Covid-19 - 21 feb 2021 - Statistics

Statistiche generali
  • Questo quiz è stato fatto 3 volte
  • Il punteggio medio è 18 su 27
Statistiche sulle risposte
paese % Corretto
Argentina
100%
Belgio
100%
Brasile
100%
Francia
100%
Germania
100%
Italia
100%
Messico
100%
Paesi Bassi
100%
Polonia
100%
Portogallo
100%
Russia
100%
Spagna
100%
Stati Uniti
100%
Svezia
100%
Svizzera
100%
Colombia
50%
India
50%
Iran
50%
Regno Unito
50%
Slovenia
50%
Turchia
50%
Bahrain
0%
Cechia
0%
Georgia
0%
Israele
0%
Lituania
0%
Panama
0%
Nessun quiz corrispondente trovato
Distribuzione punteggi
Percentuale di utenti per punteggio
Percentile per numero di risposta
I tuoi punteggi nel tempo
Non hai fatto questo quiz